| 000 | 00676nam a22001937a 4500 | ||
|---|---|---|---|
| 999 |
_c19329 _d19329 |
||
| 003 | AR-CdUCM | ||
| 008 | 190517b ||||| |||| 00| 0 sp d | ||
| 040 |
_aMUNICIPALIDAD PROVINCIAL DEL CUSCO _cBIBLIOTECA MUNICIPAL DEL CUSCO |
||
| 082 |
_a335.6 / _bF38 |
||
| 100 |
_aFernandez Artucio, Hugo _940607 |
||
| 245 | _aLa organización secreta Nazi en sudamerica / | ||
| 260 |
_aMexico : _bMinerva, |
||
| 300 |
_a315 páginas ; _c22 cm. |
||
| 505 | _aLa sombra de Hitler a traves de las Américas -- Rio de la Plata zon de intrigas Nazis -- Luchar por el derecho de Magallanes... | ||
| 650 |
_aNazi. _940608 |
||
| 650 |
_aHitler. _92451 |
||
| 942 |
_2ddc _cLIBROS |
||
| 945 | _awfj | ||